[Event "N�-LL 2008/09"]
[Site "?"]
[Date "2008.11.02"]
[Round "4"]
[White "Penz, Harald"]
[Black "Schroll, Gerhard"]
[Result "1/2-1/2"]
[WhiteElo "2323"]
[BlackElo "2395"]
[Annotator "Wr.Neustadt : Mauerbach"]
[PlyCount "49"]
[EventDate "2008.11.05"]
[SourceDate "2008.11.05"]

1. e4 e5 2. Nf3 Nc6 3. d4 exd4 4. c3 d3 5. Bxd3 Bc5 6. Nbd2 d6 7. Nb3 Bb6 8.
Bg5 Nge7 9. Nfd4 Qd7 10. O-O h6 11. Be3 d5 12. exd5 Nxd5 13. Bf5 Qd8 14. Nxc6
bxc6 15. Bxb6 axb6 16. Re1+ Ne7 17. Qxd8+ Kxd8 18. Rad1+ Nd5 19. Be4 Bd7 20.
Bxd5 cxd5 21. Rxd5 Kc8 22. Nc1 Be6 23. Rd2 Bxa2 24. Nxa2 Rxa2 25. Kf1 1/2-1/2

[Event "N�_LL 2008/09"]
[Site "?"]
[Date "2008.11.02"]
[Round "4"]
[White "Wiedner, Robert"]
[Black "Schorn, Christoph"]
[Result "0-1"]
[WhiteElo "2179"]
[BlackElo "2166"]
[Annotator "Wr.Neustadt : Mauerbach"]
[PlyCount "46"]
[EventDate "2008.11.05"]
[SourceDate "2008.11.05"]

1. c4 e5 2. Nc3 Nc6 3. g3 g6 4. Bg2 Bg7 5. Rb1 a5 6. e3 d6 7. Nge2 h5 8. d4
exd4 9. Nxd4 Nge7 10. Ndb5 Ne5 11. b3 h4 12. Ba3 Bg4 13. Ne2 Nf3+ 14. Bxf3 Bxf3
15. Rg1 Qd7 16. Bb2 Bxb2 17. Rxb2 Nc6 18. Rd2 O-O-O 19. Qa1 Ne5 20. Qd4 Qf5 21.
Qc3 hxg3 22. Rxg3 Rxh2 23. Qxa5 Rh1+ 0-1

[Event "N�_LL 2008/09"]
[Site "?"]
[Date "2008.11.02"]
[Round "4"]
[White "Bechmann, Gerhard"]
[Black "Ligezinski, Martin"]
[Result "1/2-1/2"]
[WhiteElo "2060"]
[BlackElo "2049"]
[Annotator "Wr.Neustadt : Mauerbach"]
[PlyCount "24"]
[EventDate "2008.11.05"]
[SourceDate "2008.11.05"]

1. d4 e6 2. c4 f5 3. Nc3 Nf6 4. f4 d6 5. Nf3 Be7 6. e3 O-O 7. Be2 Ne4 8. O-O
Nd7 9. Qc2 Ndf6 10. Bd3 d5 11. Bxe4 fxe4 12. Ne5 c6 1/2-1/2

[Event "N�-LL 2008/09"]
[Site "?"]
[Date "2008.11.02"]
[Round "4"]
[White "Roman, Liviu"]
[Black "Ponjican, Erich"]
[Result "0-1"]
[WhiteElo "2034"]
[BlackElo "2117"]
[Annotator "Wr.Neustadt : Mauerbach"]
[PlyCount "86"]
[EventDate "2008.11.05"]
[SourceDate "2008.11.05"]

1. e4 Nf6 2. e5 Nd5 3. Bc4 Nb6 4. Bb3 d5 5. exd6 cxd6 6. Qf3 e6 7. d4 Be7 8.
Ne2 O-O 9. Nd2 Bd7 10. O-O a5 11. c3 Bc6 12. Qh3 N8d7 13. Re1 Re8 14. Ng3 Nd5
15. Nde4 Nf8 16. f4 g6 17. Ne2 a4 18. Bc2 Qb6 19. Kh1 Nf6 20. N2g3 Ra5 21.
Nxf6+ Bxf6 22. Be4 Bd7 23. Qh6 Qd8 24. Be3 Bg7 25. Qh3 d5 26. Bf3 Rb5 27. Rab1
Qa5 28. Ne2 e5 29. g4 e4 30. Bg2 h5 31. f5 hxg4 32. Qxg4 Bxf5 33. Qh4 Qb6 34.
Nf4 Ne6 35. Nxe6 Bxe6 36. Qf2 Rc8 37. Rf1 Rxc3 38. Bh3 Rd3 39. Rbc1 Rxb2 40.
Rc8+ Bxc8 41. Qxf7+ Kh7 42. Rf4 Rb1+ 43. Kg2 Bxh3+ 0-1

[Event "N�-LL 2008/09"]
[Site "?"]
[Date "2008.11.02"]
[Round "4"]
[White "Ganaus, Hannes"]
[Black "Groetz, Harald"]
[Result "1/2-1/2"]
[WhiteElo "2299"]
[BlackElo "2364"]
[Annotator "Stockerau : St.P�lten"]
[PlyCount "36"]
[EventDate "2008.??.??"]
[TimeControl "40/1800+30:20/1800:900"]

1. d4 {[%emt 0:00:00]} d5 {[%emt 0:00:00]} 2. c4 c6 3. Nf3 Nf6 4. Nc3 dxc4 5.
a4 Bf5 6. e3 e6 7. Bxc4 Bb4 8. O-O Nbd7 9. Qe2 O-O 10. e4 Bg4 11. h3 Bxf3 12.
Qxf3 e5 13. d5 Bxc3 14. bxc3 cxd5 15. exd5 Rc8 16. Ba2 Qa5 17. c4 Nc5 18. Bb2
Rfe8 1/2-1/2

[Event "N�-LL 2008/09"]
[Site "?"]
[Date "2008.11.02"]
[Round "4"]
[White "Hangweyrer, Manfred"]
[Black "Neumeier, Klaus"]
[Result "1/2-1/2"]
[WhiteElo "2323"]
[BlackElo "2268"]
[Annotator "Stockerau : St.P�lten"]
[PlyCount "52"]
[EventDate "2008.??.??"]
[TimeControl "40/1800+30:20/1800:900"]

1. Nf3 Nf6 {[%emt 0:00:00]} 2. d4 {[%emt 0:00:00]} g6 3. Bg5 Bg7 4. e3 O-O 5.
Nbd2 d6 6. e4 Qe8 7. Bd3 e5 8. O-O Nh5 9. Re1 f6 10. Be3 Kh8 11. Nf1 Be6 12.
Qd2 Nd7 13. Ng3 Nxg3 14. hxg3 c5 15. dxe5 dxe5 16. Bb5 Qe7 17. Red1 Rfd8 18. b4
Bf8 19. a3 Nb6 20. Qe2 Qc7 21. Rxd8 Rxd8 22. Rd1 a6 23. Rxd8 Qxd8 24. Bd3 Na4
25. Qd2 b5 26. Be2 Qc7 1/2-1/2

[Event "N�-LL 2008/09"]
[Site "?"]
[Date "2008.11.02"]
[Round "4"]
[White "Batyte, Daiva"]
[Black "Wallner, Erich"]
[Result "1/2-1/2"]
[WhiteElo "2160"]
[BlackElo "2181"]
[Annotator "Stockerau : St.P�lten"]
[PlyCount "82"]
[EventDate "2008.??.??"]
[TimeControl "40/1800+30:20/1800:900"]

1. g3 {[%emt 0:00:00]} d5 2. Bg2 Nf6 3. Nf3 e6 4. b3 c5 5. Bb2 Nc6 6. d3 Be7 7.
Nbd2 O-O 8. O-O b6 9. e4 Qc7 10. e5 Nd7 11. Qe2 Ba6 12. a3 Rac8 13. Rfe1 c4 14.
dxc4 dxc4 15. Nxc4 Na5 16. Nfd2 Nxc4 17. Nxc4 Bxc4 18. bxc4 Qxc4 19. Rad1 Qxe2
20. Rxe2 Rc7 21. c4 Rfc8 22. f4 Nf8 23. Bh3 Rxc4 24. f5 Rc2 25. Kf1 Bg5 26.
Rde1 Rxe2 27. Rxe2 exf5 28. Bxf5 Ne6 29. Rc2 Rxc2 30. Bxc2 Be3 31. a4 Bd4 32.
Bxd4 Nxd4 33. Be4 Kf8 34. Kf2 Ke7 35. Ke3 Nb3 36. Bxh7 g6 37. h4 Nc5 38. h5
gxh5 39. Bc2 a6 40. Kd4 Ke6 41. Bd1 Nd7 1/2-1/2

[Event "N�-LL 2008/09"]
[Site "?"]
[Date "2008.11.02"]
[Round "4"]
[White "Roehrl, Karl"]
[Black "Sadilek, Maxilmilian"]
[Result "1/2-1/2"]
[WhiteElo "2218"]
[BlackElo "2156"]
[Annotator "Stockerau : St.P�lten"]
[PlyCount "78"]
[EventDate "2008.??.??"]
[TimeControl "40/1800+30:20/1800:900"]

1. e4 c5 2. Nc3 e6 3. g3 d5 4. d3 Nc6 5. Bg2 Nf6 6. Nge2 Be7 7. O-O O-O 8. exd5
Nxd5 9. Nxd5 exd5 10. Nf4 d4 11. Re1 Bd6 12. h3 Bd7 13. Bd2 Ne7 14. b3 Bc6 15.
Qg4 Qc8 16. Qxc8 Raxc8 17. Re2 Bxg2 18. Kxg2 Nc6 19. a3 Rfe8 20. Rae1 Rxe2 21.
Rxe2 b5 22. Nd5 c4 23. bxc4 bxc4 24. Bb4 Bxb4 25. axb4 cxd3 26. cxd3 Kf8 27.
Ra2 Rb8 28. Kf3 Rb5 29. Ra6 Ne5+ 30. Ke4 Nxd3 31. Rxa7 f5+ 32. Kxd4 Nxb4 33.
Nxb4 Rxb4+ 34. Ke5 f4 35. gxf4 Rb5+ 36. Ke6 Rb6+ 37. Kf5 Rh6 38. Ra3 Kf7 39.
Ke5 Re6+ 1/2-1/2

[Event "N�-LL 2008/09"]
[Site "Bachwirt, Ardaggerstr. 28"]
[Date "2008.11.02"]
[Round "4"]
[White "Vykydal, Frantisek"]
[Black "Rumpl, Erwin"]
[Result "0-1"]
[WhiteElo "2242"]
[BlackElo "2271"]
[Annotator "Amstetten:Zwettl"]
[PlyCount "118"]
[EventDate "2008.09.28"]
[EventType "team"]
[EventRounds "11"]
[SourceDate "2008.11.02"]

1. e4 c5 2. Nc3 Nc6 3. g3 g6 4. Bg2 Bg7 5. d3 d6 6. Be3 e5 7. Qd2 Nge7 8. Bh6
O-O 9. h4 f6 10. Nge2 Rb8 11. Bxg7 Kxg7 12. a4 Nd4 13. Nxd4 cxd4 14. Ne2 Bg4
15. f3 Be6 16. c3 dxc3 17. Nxc3 d5 18. exd5 Nxd5 19. Nxd5 Bxd5 20. O-O Qb6+ 21.
Qf2 Qxf2+ 22. Kxf2 Rfc8 23. Rfc1 Rc6 24. Rc3 Rbc8 25. Raa3 Kf7 26. Ke3 Ke7 27.
Bf1 Kd6 28. Be2 R8c7 29. d4 Rb6 30. dxe5+ fxe5 31. Rxc7 Kxc7 32. Rc3+ Kd6 33.
Rc2 Rb3+ 34. Kf2 a5 35. Rd2 Ke6 36. Bd1 Rb4 37. h5 gxh5 38. Bc2 h6 39. Bg6 Bc6
40. Bxh5 Rxa4 41. Bg4+ Ke7 42. Bf5 Rb4 43. g4 Rb3 44. Bd3 Kf6 45. Be2 e4 46.
fxe4 Bxe4 47. Rd6+ Kg5 48. Re6 Kf4 49. Rf6+ Ke5 50. Rxh6 Rxb2 51. Rh5+ Kf4 52.
Ke1 a4 53. Rh3 Rb3 54. Rh8 a3 55. Ra8 b5 56. Ra7 Ke3 57. Bd1 Rc3 58. g5 b4 59.
Ra4 Rc1 0-1

[Event "N�-LL 2008/09"]
[Site "Bachwirt, Ardaggerstr. 28"]
[Date "2008.11.02"]
[Round "4"]
[White "Stadler, Peter"]
[Black "Wadsack, Wolfgang"]
[Result "0-1"]
[WhiteElo "2179"]
[BlackElo "2201"]
[Annotator "Amstetten:Zwettl"]
[PlyCount "114"]
[EventDate "2008.09.28"]
[EventType "team"]
[EventRounds "11"]
[SourceDate "2008.11.02"]

1. d4 d5 2. Nf3 Nf6 3. c4 dxc4 4. e3 Bg4 5. Bxc4 e6 6. Nbd2 a6 7. Qc2 Nc6 8. a3
Bd6 9. b4 O-O 10. Bb2 Qe7 11. Ne5 Bxe5 12. dxe5 Nd7 13. f4 Qh4+ 14. g3 Qh3 15.
Bf1 Qh6 16. Kf2 f6 17. exf6 Nxf6 18. h3 Bf5 19. e4 Rad8 20. Kg1 Qg6 21. Bg2
Qxg3 22. Nf1 Bxe4 23. Bxf6 Bxc2 24. Nxg3 Rxf6 25. Bxc6 bxc6 26. Rh2 Ba4 27. Rf2
Rg6 28. Kh2 Rd3 29. Ne4 Bb3 30. Nc5 Re3 31. Nxb3 Rxb3 32. Rc1 Rxa3 33. Rxc6
Rgg3 34. Rxe6 Rxh3+ 35. Kg2 Rag3+ 36. Kf1 Rf3 37. Rxa6 Rxf2+ 38. Kxf2 Rb3 39.
Ra8+ Kf7 40. Rc8 Rc3 41. b5 Rc5 42. Kf3 Ke6 43. Rg8 Kf7 44. Rc8 h6 45. Ke4 Kf6
46. Kd4 Rc1 47. b6 Rd1+ 48. Ke3 cxb6 49. Rc6+ Kf5 50. Rxb6 Rd7 51. Rb5+ Kg4 52.
Ke4 Rf7 53. f5 Re7+ 54. Kd4 h5 55. Kd5 h4 56. Kd6 Rf7 57. Rb4+ Kg5 0-1

[Event "N�-LL 2008/09"]
[Site "Bachwirt, Ardaggerstr. 28"]
[Date "2008.11.02"]
[Round "4"]
[White "Bachmayer, Josef"]
[Black "Lipp, Alfred"]
[Result "0-1"]
[WhiteElo "2062"]
[BlackElo "2029"]
[Annotator "Amstetten:Zwettl"]
[PlyCount "42"]
[EventDate "2008.09.28"]
[EventType "team"]
[EventRounds "11"]
[SourceDate "2008.11.02"]

1. d4 d5 2. Nc3 Nf6 3. Bg5 Nbd7 4. Qd2 c5 5. Nf3 e6 6. e4 dxe4 7. Ne5 cxd4 8.
Qxd4 Bc5 9. Qa4 Bxf2+ 10. Kxf2 Qb6+ 11. Be3 Qxb2 12. Bd4 Qxa1 13. Nb5 e3+ 14.
Ke2 Qb1 15. Nc7+ Kd8 16. Nxa8 Nxe5 17. Bxe5 Bd7 18. Qa5+ b6 19. Bc7+ Ke8 20.
Qc3 Bb5+ 21. Kf3 Qd1+ 0-1

[Event "N�_LL 2008/09"]
[Site "?"]
[Date "2008.11.02"]
[Round "4"]
[White "Trkulja, Zoran"]
[Black "Kummer, Helmut"]
[Result "0-1"]
[WhiteElo "2211"]
[BlackElo "2370"]
[Annotator "Bad V�slau/Kottingbrunn : Bisamberg/Korneubur"]
[PlyCount "84"]
[EventDate "2008.11.10"]
[SourceDate "2008.11.10"]

1. d4 d5 2. Nf3 c6 3. g3 Bg4 4. h3 Bh5 5. g4 Bg6 6. Ne5 Nd7 7. Nxg6 hxg6 8. Bg2
e6 9. Bf4 g5 10. Bg3 Ne7 11. Qd2 Ng6 12. e4 Nb6 13. b3 dxe4 14. Bxe4 Qf6 15. a4
Rd8 16. c3 Nd5 17. Na3 Ngf4 18. Nc2 a5 19. O-O-O Nxc3 20. Bxf4 Qxf4 21. Qxf4
gxf4 22. Rde1 g5 23. Bf3 Bg7 24. Kd2 Nd5 25. Rd1 Ke7 26. Kd3 Rd7 27. Kc4 b5+
28. axb5 cxb5+ 29. Kxb5 Rb8+ 30. Ka4 Nc3+ 31. Ka3 Nxd1 32. Rxd1 Rbd8 33. d5
exd5 34. Ne1 Bc3 35. Nd3 d4 36. Ne5 Rc7 37. Nc6+ Rxc6 38. Bxc6 d3 39. Be4 d2
40. Bc2 Kd6 41. f3 Ke5 42. Be4 Kd4 0-1

[Event "N�_LL 2008/09"]
[Site "?"]
[Date "2008.11.02"]
[Round "4"]
[White "Lampl, Gerald"]
[Black "Pammer, Andreas"]
[Result "1/2-1/2"]
[WhiteElo "2155"]
[BlackElo "2120"]
[Annotator "Bad V�slau/Kottingbrunn : Bisamberg/Korneubur"]
[PlyCount "90"]
[EventDate "2008.11.10"]
[SourceDate "2008.11.10"]

1. d4 Nf6 2. c4 g6 3. Nf3 Bg7 4. g3 O-O 5. Bg2 d6 6. Nc3 Nbd7 7. O-O e5 8. Qc2
c6 9. Rd1 Qc7 10. e4 Re8 11. h3 Nf8 12. Be3 Be6 13. d5 cxd5 14. cxd5 Bd7 15.
Rac1 Rec8 16. Qb3 Ne8 17. Bf1 Qb8 18. Nd2 h6 19. a4 Nh7 20. Kg2 f5 21. Bb5 Rd8
22. a5 Nhf6 23. Qa4 Nc7 24. Bxd7 Rxd7 25. f3 Qd8 26. b4 Nh5 27. Bf2 Rf7 28. b5
Ne8 29. Nf1 Kh7 30. b6 axb6 31. Bxb6 Qg5 32. h4 Qf6 33. Qb3 f4 34. g4 Ng3 35.
Nxg3 fxg3 36. Ne2 Qxh4 37. Nxg3 Qf6 38. Qe3 Qf4 39. Rd3 Bf6 40. Qxf4 exf4 41.
Ne2 g5 42. Rd2 Rd7 43. Rdc2 Kg6 44. Rh1 Rh7 45. Rhc1 Rd7 1/2-1/2

[Event "N�_LL 2008/09"]
[Site "?"]
[Date "2008.11.02"]
[Round "4"]
[White "Wetscherek, Gerhard"]
[Black "Zojer, Thomas"]
[Result "1/2-1/2"]
[WhiteElo "2107"]
[BlackElo "2079"]
[Annotator "Bad V�slau/Kottingbrunn : Bisamberg/Korneubur"]
[PlyCount "113"]
[EventDate "2008.11.10"]
[SourceDate "2008.11.10"]

1. e4 e6 2. d4 d5 3. e5 c5 4. c3 Nc6 5. a3 Nh6 6. Nf3 Nf5 7. Bd3 cxd4 8. Bxf5
exf5 9. cxd4 Be6 10. b4 Be7 11. O-O O-O 12. Nc3 Kh8 13. Ra2 Rg8 14. Kh1 Rc8 15.
Qd3 g5 16. Re1 g4 17. Ng1 Bg5 18. f4 gxf3 19. Nxf3 f6 20. Rae2 Bxc1 21. Rxc1
fxe5 22. Nxe5 Qf6 23. Rce1 f4 24. b5 Bf5 25. Qd2 Nxe5 26. Nxd5 Qh4 27. Rxe5 f3
28. Ne3 Be4 29. Kg1 fxg2 30. Qf2 Qxf2+ 31. Kxf2 Rgf8+ 32. Kg1 Bd3 33. Kxg2 Rcd8
34. d5 Bxb5 35. h3 Rg8+ 36. Kf3 Bd3 37. Ng4 Bc4 38. Rd1 Bb3 39. Rd3 Bc4 40. Rd4
Bb3 41. Ke4 Bc2+ 42. Ke3 Rge8 43. Rxe8+ Rxe8+ 44. Kf4 Kg7 45. Rc4 Re2 46. Rc7+
Kg6 47. Rxb7 Re4+ 48. Kg3 h5 49. Rxa7 hxg4 50. hxg4 Bd1 51. d6 Rxg4+ 52. Kf2
Rd4 53. Ra6 Kf7 54. Ke3 Rd5 55. Ke4 Rd2 56. Ke5 Re2+ 57. Kd5 1/2-1/2

[Event "N�-LL 2008/09"]
[Site "?"]
[Date "2008.11.02"]
[Round "4"]
[White "Zojer, Stefan"]
[Black "Hirsch, Andreas"]
[Result "1-0"]
[WhiteElo "2044"]
[BlackElo "1994"]
[Annotator "Bad V�slau/Kottingbrunn : Bisamberg/Korneubur"]
[PlyCount "81"]
[EventDate "2008.11.10"]
[SourceDate "2008.11.10"]

1. e4 d6 2. d4 Nf6 3. Nc3 g6 4. f4 Bg7 5. Nf3 O-O 6. Bd3 Na6 7. a3 c5 8. Bxa6
cxd4 9. Nxd4 bxa6 10. O-O Bb7 11. Re1 e5 12. Nb3 Qc7 13. fxe5 dxe5 14. Bg5 Rac8
15. Rc1 h6 16. Bh4 Rfd8 17. Qe2 g5 18. Bf2 Qc4 19. Qxc4 Rxc4 20. Bxa7 Bxe4 21.
Na5 Rxc3 22. bxc3 Rd2 23. Bf2 Ng4 24. Nb3 Rxf2 25. Rxe4 Nf6 26. Rxe5 Rf4 27.
Ra5 Ng4 28. Rxa6 Bxc3 29. a4 Rc4 30. h3 Ne3 31. Kf2 Nd5 32. Rd1 Nb4 33. Rxh6
Nxc2 34. Ra6 Nb4 35. Ra8+ Kg7 36. a5 Be5 37. a6 Rc2+ 38. Rd2 Rc7 39. a7 Kg6 40.
Rb8 Rxa7 41. Rxb4 1-0

[Event "N�-LL 2008/09"]
[Site "?"]
[Date "2008.11.16"]
[Round "5"]
[White "Kummer, Helmut"]
[Black "Penz, Harald"]
[Result "1/2-1/2"]
[WhiteElo "2370"]
[BlackElo "2323"]
[Annotator "Mauerbach : B.V�slau/Kottingbrunn"]
[PlyCount "105"]
[EventDate "2008.11.17"]
[SourceDate "2008.11.17"]

1. d4 d5 2. c4 c5 3. cxd5 Qxd5 4. Nf3 cxd4 5. Nc3 Qa5 6. Nxd4 Nf6 7. g3 e5 8.
Nb3 Qc7 9. Bg2 Bb4 10. Bd2 O-O 11. O-O Rd8 12. Rc1 Nc6 13. Qc2 Be6 14. Bg5 Rac8
15. Ne4 Be7 16. Nxf6+ Bxf6 17. Bxf6 gxf6 18. Qc5 Bxb3 19. axb3 Qd6 20. e3 Qxc5
21. Rxc5 Rd2 22. Rb1 Rcd8 23. Be4 R8d7 24. h4 Ne7 25. Kf1 b6 26. Rc2 f5 27.
Rxd2 Rxd2 28. Ke1 Rd7 29. Bg2 Rd3 30. Ra1 Rxb3 31. Rxa7 Kf8 32. Ra2 f4 33. gxf4
exf4 34. exf4 Rb4 35. h5 Rxf4 36. Ra8+ Kg7 37. Re8 Kf6 38. Rd8 Rb4 39. Rd2 Kg5
40. Kf1 Kxh5 41. Rd7 Ng6 42. Rxf7 Nf4 43. Bc6 Rc4 44. Bf3+ Kg5 45. Rd7 Rc2 46.
b3 Rb2 47. Bd1 h5 48. Rg7+ Kf5 49. Rf7+ Ke4 50. Re7+ Kf5 51. Rf7+ Ke4 52. Re7+
Kf5 53. Rf7+ 1/2-1/2

[Event "N�-LL 2008/09"]
[Site "?"]
[Date "2008.11.16"]
[Round "5"]
[White "Zojer, Tomas"]
[Black "Tatzmann, Peter"]
[Result "1-0"]
[WhiteElo "2079"]
[BlackElo "2035"]
[Annotator "Mauerbach : B.V�slau/Kottingbrunn"]
[PlyCount "53"]
[EventDate "2008.??.??"]

1. d4 Nf6 2. Nf3 d5 3. e3 e6 4. Bd3 Nbd7 5. O-O c5 6. b3 Be7 7. Bb2 O-O 8. Nbd2
Qc7 9. Ne5 b6 10. f4 Bb7 11. Nxd7 Qxd7 12. dxc5 bxc5 13. Nf3 Qc7 14. Ng5 Ne4
15. Nxh7 Kxh7 16. Qg4 d4 17. f5 Qc6 18. Rf4 exf5 19. Qxf5+ Qg6 20. Bxe4 Qxf5
21. Bxf5+ g6 22. Be4 Bxe4 23. Rxe4 Rfe8 24. exd4 f5 25. Re6 Rad8 26. Rae1 Rd7
27. d5 1-0

[Event "N�-LL 2008/09"]
[Site "?"]
[Date "2008.11.16"]
[Round "5"]
[White "Descovich, Nicolai"]
[Black "Zojer, Stefan"]
[Result "0-1"]
[WhiteElo "2072"]
[BlackElo "2044"]
[Annotator "Mauerbach : B.V�slau/Kottingbrunn"]
[PlyCount "66"]
[EventDate "2008.??.??"]

1. e4 c5 2. Nf3 d6 3. d4 cxd4 4. Nxd4 Nf6 5. Nc3 a6 6. Be3 e5 7. Nb3 Be6 8. Qd2
Be7 9. f3 O-O 10. O-O-O Nbd7 11. g4 Rc8 12. g5 Nh5 13. Kb1 b5 14. Ne2 Nb6 15.
Ng3 Nf4 16. Bxf4 exf4 17. Qxf4 d5 18. h4 Bd6 19. e5 Qc7 20. Qc1 Bxe5 21. Ne2
Nc4 22. Nbd4 g6 23. f4 Bg7 24. Bh3 Bxh3 25. Rxh3 Rfe8 26. c3 b4 27. f5 gxf5 28.
Rf3 Qb6 29. b3 Na3+ 30. Ka1 Nb5 31. Nxb5 axb5 32. Qd2 bxc3 33. Nxc3 b4 0-1

[Event "N�-LL 2008/09"]
[Site "?"]
[Date "2008.11.16"]
[Round "5"]
[White "Schorn, Christoph"]
[Black "Lampl, Gerald"]
[Result "1/2-1/2"]
[WhiteElo "2166"]
[BlackElo "2155"]
[Annotator "Mauerbach : B.V�slau/Kottingbrunn"]
[PlyCount "143"]
[EventDate "2008.??.??"]

1. e4 d5 2. exd5 Qxd5 3. Nc3 Qd6 4. d4 c6 5. Bc4 Nf6 6. Nge2 Bf5 7. O-O e6 8.
Bf4 Qd8 9. Re1 Be7 10. Ng3 Bg6 11. Bb3 O-O 12. Qd2 Nbd7 13. Nge4 Bb4 14. Nd6
Qe7 15. Nc4 Ne4 16. Qe3 Bxc3 17. bxc3 Ndf6 18. Ne5 Rfd8 19. f3 Nd6 20. Bg5 Rac8
21. Qf2 c5 22. dxc5 Nb5 23. Be3 Nxc3 24. a4 Nd7 25. Nxd7 Qxd7 26. h4 h6 27. Qg3
Qc7 28. Qg4 Bf5 29. Qc4 Nd5 30. Bf2 b6 31. c6 Qxc6 32. Qxc6 Rxc6 33. c4 Nb4 34.
a5 Nd3 35. Red1 Rdc8 36. axb6 axb6 37. Be3 Nb2 38. Rdc1 Nxc4 39. Bxc4 Rxc4 40.
Rxc4 Rxc4 41. Bxb6 Kh7 42. h5 e5 43. Ra5 f6 44. Kf2 Be6 45. Ra7 e4 46. Re7 Bd5
47. fxe4 Bxe4 48. g3 Bf5 49. Ra7 Bg4 50. Ra5 Rc2+ 51. Kg1 Re2 52. Bc7 Re7 53.
Bd6 Rf7 54. Rc5 f5 55. Rc7 Rxc7 56. Bxc7 Bxh5 57. Kh2 Bf3 58. Kh3 g6 59. Be5 g5
60. Bd6 Kg7 61. Bc7 Be2 62. Kg2 Kg6 63. Bd6 Kh5 64. Bf8 Bc4 65. Kf3 Bd5+ 66.
Kf2 f4 67. gxf4 gxf4 68. Bd6 Kg4 69. Kg1 h5 70. Bc5 h4 71. Bf2 h3 72. Kh2
1/2-1/2

[Event "N�-LL 2008/09"]
[Site "?"]
[Date "2008.11.16"]
[Round "5"]
[White "Hansen, Kay"]
[Black "Janetschek, Karl"]
[Result "1/2-1/2"]
[WhiteElo "2211"]
[BlackElo "2244"]
[Annotator "Zwettl : Niederabsdorf"]
[PlyCount "20"]
[EventDate "2008.11.10"]
[SourceDate "2008.11.19"]

1. d4 Nf6 2. Nf3 d6 3. c4 Bg4 4. Qb3 Qc8 5. Bf4 Nc6 6. Nbd2 g6 7. h3 Bxf3 8.
Nxf3 Bg7 9. e3 O-O 10. Be2 Nd7 1/2-1/2

[Event "N�-LL 2008/09"]
[Site "?"]
[Date "2008.11.16"]
[Round "5"]
[White "Wagner, Stefan"]
[Black "Kleiser, Gregor"]
[Result "0-1"]
[WhiteElo "2160"]
[BlackElo "2285"]
[Annotator "Zwettl : Niederabsdorf"]
[PlyCount "70"]
[EventDate "2008.11.10"]
[SourceDate "2008.11.19"]

1. c4 c6 2. g3 d5 3. b3 Bf5 4. Bg2 e6 5. Bb2 Nf6 6. Nf3 Be7 7. O-O O-O 8. d3 a5
9. a3 Nbd7 10. Nbd2 h6 11. Re1 Bh7 12. Ne5 Nxe5 13. Bxe5 Qb6 14. Nf3 Rfd8 15.
Qc2 dxc4 16. Qxc4 Rd5 17. Bd4 Bc5 18. Bxc5 Rxc5 19. Qa4 Rd8 20. Rac1 Rb5 21.
Nd2 Bf5 22. h3 e5 23. Rc2 Be6 24. Rb1 Rd4 25. Nc4 Qd8 26. b4 e4 27. Nxa5 exd3
28. exd3 Nd5 29. Rcc1 Rxd3 30. Bf1 Nc3 31. Rxc3 Rxc3 32. Bxb5 cxb5 33. Qxb5 Qd4
34. Qe8+ Kh7 35. Qb8 Qe4 0-1

[Event "N�-LL 2008/09"]
[Site "?"]
[Date "2008.11.16"]
[Round "5"]
[White "Schwarhofer, Christopher"]
[Black "Stadler, Peter"]
[Result "1/2-1/2"]
[WhiteElo "2189"]
[BlackElo "2179"]
[Annotator "Zwettl : Niederabsdorf"]
[PlyCount "99"]
[EventDate "2008.11.10"]
[SourceDate "2008.11.19"]

1. e4 c5 2. Nf3 d6 3. d4 cxd4 4. Nxd4 Nf6 5. Nc3 a6 6. Bg5 e6 7. Qd2 Be7 8. Be2
Qc7 9. O-O-O Nbd7 10. f4 b5 11. Bxf6 Nxf6 12. Bf3 Bb7 13. Rhe1 b4 14. Na4 Rc8
15. Kb1 O-O 16. g4 d5 17. e5 Nd7 18. Qe2 Bc6 19. Nxc6 Qxc6 20. b3 g5 21. f5
Nxe5 22. Qxe5 Qxc2+ 23. Ka1 Qf2 24. f6 Bxf6 25. Qxf6 Rc2 26. Qxg5+ Kh8 27. Qf6+
Kg8 28. Nb2 Rfc8 29. Qg5+ Kf8 30. Rf1 Qxh2 31. Rh1 Qc7 32. Qh6+ Ke8 33. Qxh7
Ke7 34. Qd3 Qe5 35. Rb1 R8c3 36. Rhe1 Rxd3 37. Rxe5 Rxf3 38. Ree1 Rff2 39. Rec1
Rcd2 40. Rc6 e5 41. Rxa6 e4 42. a3 e3 43. axb4 e2 44. Ra2 d4 45. b5 Kd7 46. b6
d3 47. Re1 Rxb2 48. Kxb2 d2 49. Rxe2 Rxe2 50. Ra7+ 1/2-1/2

[Event "N�_LL 2008/09"]
[Site "?"]
[Date "2008.11.16"]
[Round "5"]
[White "Lipp, Alfred"]
[Black "P�tz, Florian"]
[Result "0-1"]
[WhiteElo "2029"]
[BlackElo "2173"]
[Annotator "Zwettl : Niederabsdorf"]
[PlyCount "76"]
[EventDate "2008.11.10"]
[SourceDate "2008.11.19"]

1. c4 Nf6 2. Nc3 e6 3. d4 Bb4 4. e3 b6 5. Nge2 c5 6. a3 Ba5 7. Rb1 Na6 8. Bd2
O-O 9. Nf4 cxd4 10. exd4 Bxc3 11. Bxc3 d5 12. Qa4 Qd6 13. g3 Bb7 14. Bg2 Rfc8
15. O-O Rxc4 16. Qxc4 dxc4 17. Bxb7 Rb8 18. Bxa6 b5 19. Bxb5 Rxb5 20. Rfe1 Qc6
21. Re2 Ne4 22. Rbe1 Nxc3 23. bxc3 h6 24. h4 Qf3 25. a4 Rb8 26. Re3 Qc6 27. a5
Kh7 28. h5 Rb5 29. d5 exd5 30. Re7 Rb7 31. R7e5 d4 32. cxd4 c3 33. Rc5 Qf3 34.
Ne2 Re7 35. Rxc3 Qxc3 36. Nxc3 Rxe1+ 37. Kg2 Ra1 38. d5 Kg8 0-1

[Event "N�_LL 2008/09"]
[Site "?"]
[Date "2008.11.16"]
[Round "5"]
[White "Mahdy, Khaled"]
[Black "Bawart, Markus"]
[Result "1/2-1/2"]
[WhiteElo "2388"]
[BlackElo "2349"]
[Annotator "Baden : Krems"]
[PlyCount "25"]
[EventDate "2008.11.10"]
[SourceDate "2008.11.23"]

1. e4 Nf6 2. e5 Nd5 3. Nc3 c6 4. Nf3 d6 5. exd6 Qxd6 6. d4 g6 7. Bc4 Bg7 8. O-O
O-O 9. h3 Nd7 10. Ne4 Qc7 11. Re1 h6 12. Bb3 Rd8 13. c4 1/2-1/2

[Event "N�_LL 2008/09"]
[Site "?"]
[Date "2008.11.16"]
[Round "5"]
[White "Herndlbauer, Martin"]
[Black "Winiwarter, Felix"]
[Result "1-0"]
[WhiteElo "2088"]
[BlackElo "2189"]
[Annotator "Baden : Krems"]
[PlyCount "62"]
[EventDate "2008.11.10"]
[SourceDate "2008.11.23"]

1. e4 c5 2. Nf3 e6 3. d3 Nc6 4. g3 g6 5. Bg2 Bg7 6. O-O Nge7 7. c3 d5 8. Nbd2
O-O 9. Re1 b6 10. e5 Bb7 11. Nf1 Rc8 12. Bf4 d4 13. c4 h6 14. h4 Nf5 15. N1h2
Qe7 16. Ng4 Kh7 17. Qd2 a6 18. b3 b5 19. a3 b4 20. a4 Na5 21. Rab1 Bc6 22. Qd1
Rg8 23. Nd2 Bxg2 24. Kxg2 h5 25. Nh2 Nc6 26. Nhf3 Kh8 27. Ne4 Rce8 28. Bg5 Qc7
29. Nf6 Rc8 30. Nxg8 Kxg8 31. Qe2 Kh7 1-0

[Event "N�_LL 2008/09"]
[Site "?"]
[Date "2008.11.16"]
[Round "5"]
[White "W�ber, Friedrich"]
[Black "Stangler, Peter"]
[Result "1/2-1/2"]
[WhiteElo "2131"]
[BlackElo "1929"]
[Annotator "Baden : Krems"]
[PlyCount "39"]
[EventDate "2008.11.10"]
[SourceDate "2008.11.23"]

1. e4 c5 2. Nf3 d6 3. d4 cxd4 4. Nxd4 Nf6 5. Nc3 a6 6. Bc4 e6 7. O-O Be7 8. Bb3
Qc7 9. f4 b5 10. a3 Bb7 11. f5 e5 12. Nde2 Nbd7 13. Ng3 O-O 14. Nh5 Nxh5 15.
Qxh5 Nf6 16. Qf3 a5 17. Rf2 b4 18. Nd5 Nxd5 19. Bxd5 Bxd5 20. exd5 1/2-1/2

[Event "N�_LL 2008/09"]
[Site "?"]
[Date "2008.11.16"]
[Round "5"]
[White "Berbati, Kadri"]
[Black "Mayer, Martin"]
[Result "1-0"]
[WhiteElo "2007"]
[BlackElo "2015"]
[Annotator "Baden : Krems"]
[PlyCount "89"]
[EventDate "2008.11.10"]
[SourceDate "2008.11.23"]

1. e4 c5 2. Nf3 d6 3. c3 Nf6 4. Bc4 Nc6 5. d3 e6 6. O-O Be7 7. Re1 O-O 8. d4
Nxe4 9. Rxe4 d5 10. Bxd5 exd5 11. Re1 Bg4 12. Be3 b6 13. Nbd2 Qc7 14. dxc5 bxc5
15. Nb3 c4 16. Nbd4 Ne5 17. Bf4 f6 18. h3 Bxf3 19. Nxf3 Nxf3+ 20. Qxf3 Qd7 21.
Rad1 Rad8 22. Rd2 Bc5 23. Red1 d4 24. cxd4 Bb4 25. Rc2 Rc8 26. a3 Ba5 27. d5
Rfd8 28. d6 Qf5 29. Qd5+ Qxd5 30. Rxd5 Bb6 31. Kf1 Kf7 32. Re2 Rd7 33. Bd2 Rc6
34. Bb4 a5 35. Bxa5 Bxa5 36. Rxa5 Rcxd6 37. Rb5 Rd1+ 38. Re1 R1d2 39. Rc1 Re7
40. Re1 Ra7 41. g4 c3 42. bxc3 Rxa3 43. Rb7+ Kg6 44. Ree7 Raa2 45. h4 1-0